MARC

LEADER 00000nam0a2200000 4500
001 356957
005 20231102010937.0
035 |a (RuTPU)RU\TPU\retro\14217 
090 |a 356957 
100 |a 20200724d1957 km y0rusy50 ca 
101 1 |a rus  |c eng 
102 |a RU 
105 |a y z 001zb 
200 1 |a Экономические сочинения  |e пер. с англ.  |f Р. Джонс 
210 |a Ленинград  |c Соцэкгиз  |d 1937 
215 |a 392 с. 
225 1 |a Библиотека истории экономической мысли 
320 |a Примечания: с. 383-386 
600 1 |a Джонс  |b Р.  |c английский экономист  |f 1790-1855  |g Ричард  |2 stltpush  |3 (RuTPU)RU\TPU\pers\20518  |9 8258 
606 1 |a Экономическая мысль  |x История  |2 stltpush  |3 (RuTPU)RU\TPU\subj\71478  |9 85374 
610 1 |a экономические учения 
610 1 |a история 
610 1 |a Англия 
610 1 |a 19 век 
610 1 |a богатство 
610 1 |a налоги 
610 1 |a рента 
610 1 |a политическая экономия 
610 1 |a труд 
610 1 |a капитал 
610 1 |a население 
686 |a У02  |v LBC/SL-A  |2 rubbk 
700 1 |a Джонс  |b Р.  |c английский экономист  |f 1790-1855  |g Ричард  |2 stltpush  |3 (RuTPU)RU\TPU\pers\20518  |9 8258 
801 1 |a RU  |b 63413507  |c 20200724 
801 2 |a RU  |b 63413507  |c 20200910  |g RCR 
942 |c BK